[Event "It (open) (seniors)"]
[Site "masterchessopen.com - Rowy (Poland)"]
[Date "2007.09.10"]
[Round "3"]
[White "Kwilecki Andrzej (POL)"]
[Black "Dluski Emil (POL)"]
[Result "1-0"]
[WhiteElo "1901"]
[BlackElo "1918"]

1.d4 c5 2.d5 e5 3.e4 d6 4.Nc3 f5 5.Bb5+ Bd7 6.exf5 Nf6 7.Bg5 Bxb5 8.Bxf6 Qxf6
9.Nxb5 Na6 10.Qh5+ Kd7 11.Qh3 Nb4 12.O-O-O {#r} 1-0

[Event "Cup Grunwald"]
[Site "masterchessopen.com - Dadaj (Poland)"]
[Date "2007.09.24"]
[Round "1"]
[White "Rutkowski Eugeniusz (POL)"]
[Black "Gunajew Rafal (POL)"]
[Result "0-1"]
[WhiteElo "1972"]
[BlackElo "2270"]

1.d4 c5 2.d5 e5 3.c4 d6 4.g3 Be7 5.Nc3 f5 6.Bd2 Bg5 7.e4 Bxd2+ 8.Qxd2 Ne7 9.f4
exf4 10.Qxf4 Ng6 11.Qd2 O-O 12.O-O-O Ne5 13.h3 fxe4 14.Nxe4 Bf5 15.Nc3 Nbd7
16.Be2 Qa5 17.b3 Rfe8 18.Kb2 a6 19.h4 {#R} 0-1

[Event "Ch World (juniors) (under 20)"]
[Site "masterchessopen.com - Yerevan (Armenia)"]
[Date "2007.10.06"]
[Round "4"]
[White "Aswin Jayaram (IND)"]
[Black "Vandenbussche Thibaut (BEL)"]
[Result "1-0"]
[WhiteElo "2478"]
[BlackElo "2205"]

1.d4 c5 2.d5 e5 3.e4 d6 4.f4 exf4 5.Bxf4 Qf6 6.Qc1 Qe7 7.Nc3 Nf6 8.Qe3 Ng4
9.Bb5+ Nd7 10.Qe2 a6 11.Qxg4 axb5 12.Qe2 Qf6 13.Nh3 Be7 14.Nxb5 O-O 15.O-O
Qxb2 16.Bxd6 Bxd6 17.Nxd6 Ne5 18.Nf2 Rxa2 19.Rxa2 Qxa2 20.Nd3 Nxd3 21.Qxd3 b6
22.e5 Qa7 23.e6 fxe6 24.Rxf8+ Kxf8 25.Qf1+ Kg8 26.Nxc8 Qc7 27.dxe6 {#r} 1-0

[Event "Ch St. Petersburg (juniors) (under 18) (g)"]
[Site "masterchessopen.com - St. Petersburg (Russia)"]
[Date "2007.10.07"]
[Round "3"]
[White "Kluchik Julia (RUS)"]
[Black "Alimova Ekaterina (RUS)"]
[Result "1-0"]
[WhiteElo "2049"]
[BlackElo "1759"]

1.d4 c5 2.d5 e5 3.c4 d6 4.Nc3 g6 5.e4 h5 6.Bd3 Bh6 7.Bxh6 Nxh6 8.Qd2 a6 9.Nge2
Kf8 10.h3 Kg7 11.O-O-O Bd7 12.f4 Qe8 13.Rdf1 b5 14.f5 bxc4 15.Bc2 a5 16.g4
hxg4 17.hxg4 Nxg4 18.Qg5 Nf6 19.fxg6 Rxh1 20.Qxf6+ {#r} 1-0

[Event "Ch Chess Club (final)"]
[Site "masterchessopen.com - Voronezh (Russia)"]
[Date "2007.10.20"]
[Round "5"]
[White "Kiselev Maxim (RUS)"]
[Black "Shtyka Sergey (RUS)"]
[Result "1-0"]
[WhiteElo "2206"]
[BlackElo "2299"]

1.d4 c5 2.d5 e5 3.e4 d6 4.Nc3 Be7 5.Nf3 Bg4 6.h3 Bxf3 7.Qxf3 a6 8.a4 Bg5
9.Bxg5 Qxg5 10.a5 Nd7 11.Be2 Qf4 12.g3 Qxf3 13.Bxf3 Ne7 14.Ke2 g6 15.h4 f5
16.Bg2 O-O 17.f3 Nf6 18.Bh3 Kg7 19.g4 fxe4 20.fxe4 {#r} 1-0

[Event "Ch City (seniors)"]
[Site "masterchessopen.com - Voronezh (Russia)"]
[Date "2007.11.24"]
[Round "5"]
[White "Nartov Albert (RUS)"]
[Black "Belov Yury (RUS)"]
[Result "1-0"]
[WhiteElo "1726"]
[BlackElo "1687"]

1.d4 c5 2.d5 e5 3.dxe6 fxe6 4.e4 Nc6 5.Bc4 Nf6 6.Nc3 Be7 7.Nf3 d5 8.exd5 exd5
9.Nxd5 Nxd5 10.Bxd5 Bd7 11.Be3 Bf6 12.Bxc5 {#r} 1-0

[Event "Ch World (juniors) (under 08)"]
[Site "masterchessopen.com - Kemer (Turkey)"]
[Date "2007.11.28"]
[Round "11"]
[White "Arjun Bharat (IND)"]
[Black "Costachi Mihnea (ROM)"]
[Result "1-0"]
[WhiteElo "1825"]
[BlackElo "1911"]

1.d4 c5 2.d5 e5 3.c4 d6 4.Nc3 Be7 5.g3 Bg5 6.e3 Bf5 7.Bg2 h6 8.Nge2 Ne7 9.O-O
O-O 10.f4 Bf6 11.e4 Bg4 12.f5 Bxe2 13.Qxe2 Bg5 14.Bxg5 hxg5 15.f6 gxf6 16.Rxf6
Ng6 17.Rf5 f6 18.Raf1 a6 19.R5f2 Nd7 20.Qh5 Kg7 21.Qg4 Nb6 22.b3 Qe7 23.Nd1
Rab8 24.Ne3 Qe8 25.Nf5+ Kh8 26.Qh5+ {#r} 1-0

[Event "Cup Pichay (open)"]
[Site "masterchessopen.com - Manila (Philippines)"]
[Date "2007.12.03"]
[Round "4"]
[White "Ghaem Maghami Ehsan (IRI)"]
[Black "Nouri Hamed (PHI)"]
[Result "1-0"]
[WhiteElo "2591"]
[BlackElo "2404"]

1.d4 c5 2.d5 e5 3.Nc3 d6 4.e4 Ne7 5.Be2 a6 6.a4 Nd7 7.Nf3 g6 8.h4 h5 9.Bg5 Bg7
10.Nd2 Nf6 11.a5 Bd7 12.Nc4 Nc8 13.f4 exf4 14.Qd2 Qc7 15.Qxf4 Ng4 16.Bxg4 Bxg4
17.O-O O-O 18.Bf6 Re8 19.Bxg7 Kxg7 20.Qf6+ Kg8 21.Rf2 Re7 {#r} 1-0

[Event "It (open) (under 2300)"]
[Site "masterchessopen.com - Benidorm (Spain)"]
[Date "2007.12.05"]
[Round "6"]
[White "Garcia Gata Jorge D (ESP)"]
[Black "Jove Grau Lluis (ESP)"]
[Result "1-0"]
[WhiteElo "2135"]
[BlackElo "2220"]

1.d4 c5 2.d5 e5 3.e4 d6 4.Nc3 Ne7 5.Be2 Ng6 6.Bg4 Nd7 7.Nge2 Be7 8.O-O a6
9.Ng3 Nh4 10.Nh5 Bf8 11.f4 exf4 12.Bxf4 Ng6 13.Bxd6 Nge5 14.Bxd7+ Nxd7 15.Bxf8
Kxf8 16.Qg4 {#r} 1-0

[Event "It (open) (under 2300)"]
[Site "masterchessopen.com - Benidorm (Spain)"]
[Date "2007.12.07"]
[Round "8"]
[White "Saheb Kamel (ALG)"]
[Black "Busto Prendes Abel (ESP)"]
[Result "1-0"]
[WhiteElo "2139"]
[BlackElo "2008"]

1.d4 c5 2.d5 e5 3.dxe6 fxe6 4.e4 Nc6 5.Nc3 Nf6 6.Nf3 d6 7.Bb5 Bd7 8.O-O Be7
9.Bf4 e5 10.Bg5 Nd4 11.Bxd7+ Nxd7 12.Bxe7 Qxe7 13.Nd5 Qd8 14.Nxd4 cxd4 15.Qh5+
g6 16.Qh6 {#r} 1-0

[Event "It (open)"]
[Site "masterchessopen.com - Pavlodar (Kazakhstan)"]
[Date "2007.12.19"]
[Round "6"]
[White "Bigabylov (KAZ)"]
[Black "Bazilov A (KAZ)"]
[Result "0-1"]
[WhiteElo "2143"]
[BlackElo "2248"]

1.d4 c5 2.d5 e5 3.e4 d6 4.Bb5+ Nd7 5.Bxd7+ Bxd7 6.Ne2 g6 7.O-O Bg7 8.b4 cxb4
9.a3 bxa3 10.Bxa3 Qc7 11.c4 Nf6 12.Nbc3 O-O 13.Qd3 a6 14.Rfc1 b6 15.Ng3 Rfb8
16.Nd1 Bc8 17.Ne3 Nd7 18.Nef5 gxf5 19.exf5 Nf6 20.Ne4 Nxe4 21.Qxe4 Qd7 22.f6
Bxf6 23.Rc3 Bg7 24.Rg3 Qe7 25.Qe3 Bf5 26.Bc1 Bg6 27.f4 {#R} 0-1

[Event "Czech League 2007/08 (1st) East"]
[Site "masterchessopen.com - Czech Republic"]
[Date "2008.01.06"]
[Round "5"]
[White "Sikorova Olga (CZE)"]
[Black "Antoshik Alois (CZE)"]
[Result "1-0"]
[WhiteElo "2255"]
[BlackElo "2157"]

1.d4 c5 2.d5 e5 3.e4 d6 4.Nc3 Be7 5.Bd3 Bg5 6.Nge2 Bxc1 7.Qxc1 Ne7 8.Qd2 a6
9.a4 O-O 10.O-O b6 11.Ng3 Ng6 12.Nce2 Nd7 13.Nf5 Nf6 14.Ne3 Bd7 15.Nc4 b5
16.axb5 axb5 17.Rxa8 Qxa8 18.Nb6 Qb7 19.Nxd7 Nxd7 20.c3 c4 21.Bc2 Ra8 22.g3
Qb6 23.Kg2 Ra1 {#r} 1-0

[Event "It \"]
[Site "masterchessopen.com - Peterhof (Russia)"]
[Date "2008.01.08"]
[Round "9"]
[White "Duzhakov Ilya (RUS)"]
[Black "Skurygin Anton (KAZ)"]
[Result "1-0"]
[WhiteElo "2276"]
[BlackElo "2258"]

1.d4 c5 2.d5 e5 3.e4 d6 4.Nc3 a6 5.a4 Be7 6.Be2 Bg5 7.Nf3 Bxc1 8.Qxc1 Ne7
9.Nd2 Nd7 10.O-O O-O 11.Nc4 Nf6 12.f4 exf4 13.Qxf4 Ne8 14.Qg5 h6 15.Qg3 Ng6
16.Bh5 Qg5 17.Qxg5 hxg5 18.Bxg6 fxg6 19.Rxf8+ Kxf8 {#r} 1-0

[Event "Ch YANAO"]
[Site "masterchessopen.com - Noyabrsk (Russia)"]
[Date "2008.01.18"]
[Round "5"]
[White "Golovnia Aleksei (RUS)"]
[Black "Kuznetsov Viktor (RUS)"]
[Result "0-1"]
[WhiteElo "2097"]
[BlackElo "2427"]

1.d4 c5 2.d5 e5 3.c4 d6 4.Nc3 Be7 5.e4 Bg5 6.g3 Bxc1 7.Rxc1 Ne7 8.Bh3 Bxh3
9.Nxh3 Qc8 10.Qa4+ Nd7 11.O-O O-O 12.f3 Nb6 {#R} 0-1

[Event "It (open) (w)"]
[Site "masterchessopen.com - Moscow (Russia)"]
[Date "2008.02.08"]
[Round "7"]
[White "Blokhuis Edgar M (NED)"]
[Black "Abramova Ekaterina (RUS)"]
[Result "0-1"]
[WhiteElo "2288"]
[BlackElo "2146"]

1.d4 c5 2.d5 e5 3.c4 d6 4.e4 Be7 5.Nf3 Bg4 6.Be2 Bxf3 7.Bxf3 Bg5 8.Bxg5 Qxg5
9.Nc3 a6 10.Qa4+ Nd7 11.b4 Ke7 12.Rb1 Ngf6 13.Qc2 Rhc8 14.O-O cxb4 15.Rxb4 Nc5
16.Na4 Nfd7 17.Nxc5 Nxc5 18.Rb6 Rc7 19.Rfb1 Rac8 20.Be2 Qf4 21.g3 Qxe4 {#R}
0-1

[Event "Ch Schleswig Holstein"]
[Site "masterchessopen.com - Gross Groenau (Germany)"]
[Round "2"]
[White "Schwarz Frank (GER)"]
[Black "Richter Andreas (GER)"]
[Result "1-0"]
[WhiteElo "2223"]
[BlackElo "2171"]

1.d4 c5 2.d5 e5 3.e4 d6 4.Nc3 Be7 5.Nf3 Nf6 6.Bd3 O-O 7.O-O Ne8 8.Nd2 Bg5
9.Nc4 Bxc1 10.Rxc1 Nd7 11.a4 a6 12.Ra1 b6 13.f4 exf4 14.Rxf4 Ra7 15.Qh5 h6
16.Raf1 b5 17.Rxf7 Nef6 18.R1xf6 {#r} 1-0

[Event "Ch Andalucia (juniors) (under 18)"]
[Site "masterchessopen.com - Motril (Spain)"]
[Date "2008.03.14"]
[Round "1"]
[White "Pintor Munoz Antonio (ESP)"]
[Black "Manzano Magana Adrian (ESP)"]
[Result "1-0"]
[WhiteElo "2186"]
[BlackElo "1862"]

1.d4 c5 2.d5 e5 3.e4 d6 4.Nc3 a6 5.a4 Be7 6.a5 Bg5 7.Nf3 Bxc1 8.Qxc1 Nh6 9.Be2
O-O 10.O-O f5 11.Nd2 Nd7 12.Nc4 Qf6 13.exf5 Nxf5 14.Ne4 Qg6 15.Bd3 Nh4 16.Ng5
Qh5 17.f3 h6 18.Ne4 Nf6 19.Ng3 Qg5 20.Qxg5 hxg5 21.Nxd6 Nxd5 22.Nxc8 Raxc8
23.Bc4 {#r} 1-0

[Event "Ch Slovakia (team) 2007/08 (1 liga) West"]
[Site "masterchessopen.com - Slovakia"]
[Date "2008.03.16"]
[Round "11"]
[White "Maslik Miroslav (SVK)"]
[Black "Oprea Erik (SVK)"]
[Result "1-0"]
[WhiteElo "2328"]
[BlackElo "2109"]

1.d4 c5 2.d5 e5 3.e4 d6 4.Nc3 f5 5.Bb5+ Bd7 6.exf5 Nf6 7.Nf3 Bxb5 8.Nxb5 Qd7
9.c4 a6 10.Qa4 Nxd5 11.Ng5 Be7 12.Ne6 Kf7 13.Qd1 axb5 14.Qxd5 Kf6 15.g4 h6
16.h4 Qc8 17.Bg5+ Kf7 18.Nd8+ Ke8 19.Qf7+ {#r} 1-0

[Event "Ch Poland (juniors) (under 16)"]
[Site "masterchessopen.com - Leba (Poland)"]
[Date "2008.04.02"]
[Round "7"]
[White "Buzun Michal (POL)"]
[Black "Szumilas Piotr (POL)"]
[Result "0-1"]
[WhiteElo "1926"]
[BlackElo "2085"]

1.d4 c5 2.d5 e5 3.dxe6 fxe6 4.e4 Nc6 5.c4 Nf6 6.Nc3 Be7 7.b3 O-O 8.Nf3 e5
9.Be2 d6 10.h3 Ne8 11.Be3 Nc7 12.Qd2 a6 13.O-O Ne6 14.Nd5 Ncd4 15.Bxd4 cxd4
16.b4 Bg5 17.Qc2 Nf4 18.Nxf4 Bxf4 19.c5 Kh8 20.cxd6 Qxd6 21.a3 Bd7 22.Ne1 Rac8
23.Qb2 Qg6 24.Kh1 Qh6 25.Nf3 Bxh3 26.gxh3 Qxh3+ 27.Kg1 Rc6 {#R} 0-1

[Event "Ch Romania (juniors) (g)"]
[Site "masterchessopen.com - Voineasa (Romania)"]
[Date "2008.04.15"]
[Round "6"]
[White "Ilie Maria-Ruxandra (ROM)"]
[Black "Vasilescu Maria"]
[Result "0-1"]
[WhiteElo "815"]
[BlackElo "636"]

1.d4 c5 2.d5 e5 3.e4 d6 4.Nc3 Be7 5.Nf3 h6 6.Be3 Bg5 7.Qd2 Bxe3 8.Qxe3 f5
9.Bb5+ Nd7 10.exf5 Nf6 11.Bd3 O-O 12.h3 Qe7 13.g4 a6 14.a4 b6 15.Ne2 Bb7
16.Ned4 b5 17.axb5 Ne4 18.Bxe4 axb5 19.Rd1 b4 20.Ne2 Nf6 21.Nfg1 Ra2 22.b3
Rfa8 23.Nf3 Rb2 24.O-O Raa2 25.Ne1 Nxe4 26.Qxe4 Ba6 27.Nd3 Rxc2 28.Nec1 Rab2
{#R} 0-1

[Event "It (open) (seniors)"]
[Site "masterchessopen.com - Triesen (Liechtenstein)"]
[Date "2008.04.27"]
[Round "3"]
[White "Blechzin Igor (RUS)"]
[Black "Bucher Rolf (SUI)"]
[Result "1-0"]
[WhiteElo "2477"]
[BlackElo "2057"]

1.d4 c5 2.d5 e5 3.e4 d6 4.f4 exf4 5.Bxf4 Be7 6.Nd2 Bf6 7.Nc4 Be7 8.e5 dxe5
9.Bxe5 Bf6 10.Qe2 Kf8 11.O-O-O Nd7 12.Bd6+ Ne7 13.Nf3 b5 14.Ncd2 a6 15.Ne4 Ra7
16.Nxf6 Nxf6 17.Bxc5 Rd7 18.Re1 Nxd5 19.Qf2 f6 20.c4 bxc4 21.Bxc4 Bb7 22.Bxd5
Bxd5 23.Rxe7 {#r} 1-0

[Event "Memorial V.Doroshkevich (open)"]
[Site "masterchessopen.com - Maikop (Russia)"]
[Date "2008.05.26"]
[Round "3"]
[White "Korobkov Piotr (UKR)"]
[Black "Vastrukhin Oleg (RUS)"]
[Result "1-0"]
[WhiteElo "2509"]
[BlackElo "2294"]

1.d4 c5 2.d5 e5 3.Nc3 d6 4.e4 g6 5.Nf3 Bg7 6.Be2 Nf6 7.Nd2 O-O 8.O-O Na6 9.Nc4
Nc7 10.a4 Nfe8 11.f4 f6 12.f5 b6 13.Qe1 Rb8 14.Qg3 g5 15.h4 h6 16.Bh5 a6
17.Bg6 b5 18.Ne3 bxa4 19.Qg4 Rb4 20.Ncd1 Nb5 21.c3 Rb3 22.Rxa4 Bd7 23.Ra1 Rf7
24.Qh5 Re7 25.Ng4 Nec7 26.hxg5 hxg5 27.Qh7+ Kf8 28.Nh6 {#r} 1-0

[Event "It (open) \"]
[Site "masterchessopen.com - Rowy (Poland)"]
[Date "2008.06.19"]
[Round "6"]
[White "Spicak Krzysztof (POL)"]
[Black "Stankiewicz Edward (POL)"]
[Result "1-0"]
[WhiteElo "2006"]
[BlackElo "1912"]

1.d4 c5 2.d5 e5 3.e4 g6 4.Nc3 d6 5.f4 Bg7 6.Nf3 f6 7.Bb5+ Nd7 8.fxe5 fxe5
9.Ng5 Bf6 10.Ne6 Qa5 11.Bd2 a6 12.Na4 Qxb5 13.Nc7+ Kd8 14.Nxb5 axb5 15.Nc3 b4
16.Nb5 Be7 17.a4 b6 18.c3 bxc3 19.bxc3 Ngf6 20.Qe2 h5 21.O-O h4 22.c4 h3 23.g3
Ng4 24.a5 Ngf6 25.axb6 Rxa1 26.Rxa1 {#r} 1-0

[Event "It (open)"]
[Site "masterchessopen.com - Athens (Greece)"]
[Date "2008.06.21"]
[Round "8"]
[White "Filippas Sebastian (GRE)"]
[Black "Klokas Konstantinos (GRE)"]
[Result "1-0"]
[WhiteElo "2221"]
[BlackElo "2174"]

1.d4 c5 2.d5 e5 3.e4 d6 4.Nc3 g6 5.f4 Bg7 6.Bb5+ Bd7 7.Bd3 Ne7 8.fxe5 Bxe5
9.Nf3 Bg4 10.Bb5+ Kf8 11.O-O Kg7 12.Nxe5 Bxd1 13.Nxf7 Qc7 14.Bh6+ Kg8 15.Be8
Nd7 16.Nd8 {#r} 1-0

[Event "Ch Asia (juniors) (under 16)"]
[Site "masterchessopen.com - Teheran (Iran)"]
[Date "2008.07.18"]
[Round "4"]
[White "Saeed Ishaq (UAE)"]
[Black "Azemati Amir (IRI)"]
[Result "1-0"]
[WhiteElo "2179"]
[BlackElo "2093"]

1.d4 c5 2.d5 e5 3.e4 d6 4.Nc3 g6 5.Bb5+ Bd7 6.a4 a6 7.Be2 Bg7 8.f4 exf4 9.Bxf4
Qe7 10.Qd2 Nf6 11.Nf3 Ng4 12.O-O O-O 13.e5 Nxe5 14.Rae1 Bf5 15.Nxe5 Bxe5 16.g4
Bd7 17.Bf3 f6 18.Ne4 Bc8 19.g5 fxg5 20.Bxg5 Qc7 21.Bh6 Rf7 22.Ng5 Re7 23.Bg4
Bf5 24.Bxf5 gxf5 25.Rxf5 Nd7 26.Ne6 Nf6 27.Rexe5 {#r} 1-0

[Event "It (open)"]
[Site "masterchessopen.com - Avoine (France)"]
[Date "2008.07.19"]
[Round "1"]
[White "Ouadi Ali (FRA)"]
[Black "Dubin Stephane (FRA)"]
[Result "0-1"]
[WhiteElo "1909"]
[BlackElo "2105"]

1.d4 c5 2.d5 e5 3.e4 d6 4.Nf3 Be7 5.Be2 Nf6 6.Bg5 Nxe4 7.Be3 f5 8.g3 O-O 9.Bd3
Ng5 10.Nxg5 Bxg5 11.f4 exf4 12.Bxf4 Bxf4 13.gxf4 Qh4+ 14.Ke2 Qxf4 15.Qf1 Qe5+
16.Kd2 f4 17.Nc3 Qe3+ 18.Kd1 Bg4+ 19.Ne2 f3 20.Ke1 Nd7 21.h3 fxe2 22.Bxh7+ Kh8
23.Qg2 Rf1+ {#R} 0-1

[Event "Ch Spain (juniors) (under 18)"]
[Site "masterchessopen.com - Padrun (Spain)"]
[Date "2008.07.27"]
[Round "2"]
[White "Pintor Munoz Antonio (ESP)"]
[Black "Sanz Rodero Mikel (ESP)"]
[Result "1-0"]
[WhiteElo "2186"]
[BlackElo "1974"]

1.d4 c5 2.d5 e5 3.e4 d6 4.Nc3 Be7 5.f4 Nd7 6.Nf3 a6 7.a4 b6 8.Bc4 Ngf6 9.O-O
O-O 10.f5 Ne8 11.g4 g5 12.h4 h6 13.hxg5 hxg5 14.Kg2 f6 15.Rh1 Kg7 16.Be3 Bb7
17.Qd2 Rh8 18.Rxh8 Kxh8 19.Kg3 Kg7 20.Rh1 Nc7 21.Rh5 Rb8 22.Qh2 Qg8 23.Nxg5
fxg5 24.Bxg5 Bf8 25.Rh6 {#r} 1-0

[Event "It (open)"]
[Site "masterchessopen.com - Chapingo (Mexico)"]
[Round "5"]
[White "Hernandez Yadira (MEX)"]
[Black "Gonzalez Zamora Juan Carlo (MEX)"]
[Result "0-1"]
[WhiteElo "2218"]
[BlackElo "2568"]

1.d4 c5 2.d5 e5 3.e4 d6 4.c4 g6 5.Nc3 a6 6.Be2 h5 7.h3 Bh6 8.Nf3 Bxc1 9.Qxc1
Nf6 10.Qg5 Nbd7 11.O-O-O Rb8 12.Nd2 h4 13.g4 hxg3 14.fxg3 Qe7 15.Rdf1 Nxd5
16.Qxe7+ Nxe7 17.h4 Nb6 18.g4 Nc6 19.h5 gxh5 20.gxh5 Nd4 21.Bd1 Be6 22.Nd5
Bxd5 23.cxd5 Ke7 24.Rfg1 Nd7 25.h6 Rh7 26.Rg2 {#R} 0-1

[Event "Ch Region"]
[Site "masterchessopen.com - Tula (Russia)"]
[Date "2008.08.06"]
[Round "6"]
[White "Abrosimov Vladimir (RUS)"]
[Black "Kostryukov Oleg (RUS)"]
[Result "1-0"]
[WhiteElo "2337"]
[BlackElo "1842"]

1.d4 c5 2.d5 e5 3.e4 d6 4.Nc3 Be7 5.f4 exf4 6.Bxf4 Bg5 7.Bb5+ Kf8 8.Bxg5 Qxg5
9.Nf3 Qe7 10.e5 a6 11.Be2 dxe5 12.d6 Qe8 13.Nd5 Qd8 14.Nc7 Ra7 15.O-O Nc6
16.Ng5 Qxg5 17.d7 Bxd7 18.Qxd7 Qe7 19.Ne6+ {#r} 1-0

[Event "Ch Vietnam (team)"]
[Site "masterchessopen.com - Hue (Vietnam)"]
[Date "2008.08.16"]
[Round "2"]
[White "Nguyen Minh Tuan (VIE)"]
[Black "Nguyen Thien Viet (VIE)"]
[Result "1-0"]
[WhiteElo "2109"]
[BlackElo "2337"]

1.d4 c5 2.d5 e5 3.dxe6 fxe6 4.e3 d5 5.c4 Nf6 6.Nf3 Nc6 7.cxd5 exd5 8.Be2 Be7
9.O-O O-O 10.b3 Kh8 11.Bb2 Be6 12.Nbd2 Qa5 13.Bd3 a6 14.Ng5 Bg8 15.f4 c4
16.bxc4 Qb6 17.cxd5 Qxe3+ 18.Kh1 Qxd3 19.dxc6 bxc6 20.Rf3 Qb5 21.Qc2 Qc5
22.Rc3 Qf2 23.Rh3 Qc5 24.Qg6 {#r} 1-0

[Event "It (open)"]
[Site "masterchessopen.com - Kuala Lumpur (Malaysia)"]
[Date "2008.08.23"]
[Round "9"]
[White "Rahman Ziaur (BAN)"]
[Black "Sabri M"]
[Result "1-0"]
[WhiteElo "2510"]
[BlackElo "2158"]

1.d4 c5 2.d5 e5 3.e4 d6 4.Nf3 Ne7 5.Be2 Ng6 6.g3 Be7 7.h4 O-O 8.Nc3 f5 9.exf5
Bxf5 10.Ng5 h6 11.Ne6 Bxe6 12.dxe6 e4 13.Qd5 Nc6 14.Qxe4 Nd4 {#r} 1-0

[Event "It (open)"]
[Site "masterchessopen.com - Nikea (Greece)"]
[Date "2008.08.30"]
[Round "7"]
[White "Kostas Panagiotis (GRE)"]
[Black "Haralabidis Tengkiz (GRE)"]
[Result "0-1"]
[WhiteElo "1902"]
[BlackElo "2071"]

1.d4 c5 2.d5 e5 3.e4 d6 4.Nc3 Be7 5.Nf3 Nf6 6.Be2 O-O 7.O-O Nbd7 8.Nd2 Ne8
9.Nc4 a6 10.a4 Bg5 11.Bxg5 Qxg5 12.Qc1 Qe7 13.f4 exf4 14.Qxf4 Ne5 15.Nxe5 dxe5
16.Qd2 b6 17.Rad1 Nd6 18.Qe3 Qc7 19.Ra1 Bd7 20.b3 b5 21.Ra2 b4 22.Nb1 f5
23.exf5 Nxf5 24.Rxf5 Bxf5 25.Bc4 Qd6 26.Nd2 Rae8 27.Bxa6 Qxa6 {#R} 0-1

[Event "Tournament (juniors)"]
[Site "masterchessopen.com - Chrzanow (Poland)"]
[Date "2008.09.13"]
[Round "2"]
[White "Swiech Przemyslaw (POL)"]
[Black "Marczuk Dominik (POL)"]
[Result "1-0"]
[WhiteElo "1448"]
[BlackElo "1773"]

1.d4 c5 2.d5 e5 3.e4 g6 4.Nf3 d6 5.Bb5+ Bd7 6.a4 Bg7 7.O-O a6 8.Bd3 Ne7 9.Nfd2
O-O 10.Nc4 Bc8 11.f4 f5 12.fxe5 Bxe5 13.Nxe5 dxe5 14.Bh6 Re8 15.d6 Nec6
16.exf5 Na5 17.fxg6 e4 18.Bxe4 Rxe4 19.Qf3 hxg6 20.Qf7+ Kh8 21.Qg7# 1-0

[Event "Ch City (open)"]
[Site "masterchessopen.com - Irkutsk (Russia)"]
[Date "2008.09.30"]
[Round "1"]
[White "Sergeev A (KAZ)"]
[Black "Samarin Sergei (RUS)"]
[Result "0-1"]
[WhiteElo "2396"]
[BlackElo "2153"]

1.d4 c5 2.d5 e5 3.e4 d6 4.f4 exf4 5.Bxf4 Qf6 6.Ne2 Qxb2 7.Nbc3 Qb6 8.Rb1 Qd8
9.Ng3 a6 10.Be2 Nd7 11.O-O b5 12.Nf5 Ne5 13.a4 b4 14.Na2 g6 15.Ne3 Bg7 16.c3
bxc3 17.Nxc3 Nh6 18.Qb3 O-O 19.Qb6 Nhg4 20.Nxg4 Nxg4 21.Bxg4 Bd4+ 22.Kh1 Bxg4
23.Rfc1 Qf6 24.Bd2 Qf2 25.Qb2 Bf3 26.Rg1 Bxe4 27.Rbf1 Bxg2+ {#R} 0-1

[Event "Ch Russia (seniors) (w)"]
[Site "masterchessopen.com - Odintsovo (Russia)"]
[Date "2008.10.08"]
[Round "6"]
[White "Uljanovskaja Tamara (RUS)"]
[Black "Goncharova Nadezhda (RUS)"]
[Result "0-1"]
[WhiteElo "1649"]
[BlackElo "1992"]

1.d4 c5 2.d5 e5 3.e4 d6 4.Nf3 a6 5.Nc3 b5 6.a3 h6 7.b3 g6 8.Be2 Bg7 9.Be3 Ne7
10.Qd2 f5 11.b4 f4 12.Bxf4 exf4 13.O-O c4 14.Ra2 Qb6 15.Re1 Nd7 16.a4 Bb7
17.a5 Qa7 18.Nd1 O-O 19.c3 g5 20.Nd4 Ne5 21.Ne6 Rf7 22.Bh5 Rf6 23.Kh1 Bh8
24.h4 Nd3 25.Rf1 gxh4 {#R} 0-1

[Event "Ch Russia (seniors)"]
[Site "masterchessopen.com - Odintsovo (Russia)"]
[Date "2008.10.10"]
[Round "8"]
[White "Zakharov Alexander S (RUS)"]
[Black "Kolbanov Veniamin M (RUS)"]
[Result "1-0"]
[WhiteElo "2437"]
[BlackElo "2301"]

1.d4 c5 2.d5 e5 3.e4 Nf6 4.Nc3 a6 5.a4 d6 6.Be2 b6 7.Nf3 Be7 8.O-O O-O 9.Nd2
Ne8 10.Nc4 Nd7 11.Be3 g6 12.Bh6 Ng7 13.Qd3 Re8 14.f4 f6 15.g3 Nf8 16.fxe5 fxe5
17.Qf3 Nf5 18.exf5 gxf5 19.Bd3 {#r} 1-0

[Event "Ch World (juniors) (under 12)"]
[Site "masterchessopen.com - Vung Tau (Vietnam)"]
[Date "2008.10.21"]
[Round "2"]
[White "Tran Tuan Minh (VIE)"]
[Black "Le Minh Hoang (VIE)"]
[Result "1-0"]
[WhiteElo "2261"]
[BlackElo "1939"]

1.d4 c5 2.d5 e5 3.e4 d6 4.Nc3 a6 5.a4 f5 6.exf5 Bxf5 7.Bd3 Bxd3 8.Qxd3 Nf6
9.Nf3 Be7 10.Ng5 Qc8 11.Ne6 Kf7 12.Ne4 h6 13.c4 Nbd7 14.f4 Re8 15.O-O Qb8
16.Ra3 Nxe4 17.Qxe4 Bf6 18.fxe5 Nxe5 19.Bxh6 Rxe6 20.dxe6+ Ke7 21.Rg3 {#r} 1-0

[Event "Ch Pan-American"]
[Site "masterchessopen.com - Boca Raton (USA)"]
[Date "2008.11.06"]
[Round "8"]
[White "Betaneli Aleksandr (USA)"]
[Black "Ossa Orlando (COL)"]
[Result "1-0"]
[WhiteElo "2318"]
[BlackElo "2314"]

1.d4 c5 2.d5 e5 3.Nc3 d6 4.e4 Be7 5.f4 Nf6 6.fxe5 dxe5 7.Bb5+ Bd7 8.Bxd7+
Nbxd7 9.Nf3 Qb6 10.a4 c4 11.a5 Qa6 12.Be3 Bb4 13.Nd2 Rc8 14.O-O Bxa5 15.g4 h6
16.Qf3 Rf8 {#r} 1-0

[Event "Memorial Baharov (open)"]
[Site "masterchessopen.com - Sofia (Bulgaria)"]
[Date "2008.11.13"]
[Round "6"]
[White "Tzekov Svetozar (BUL)"]
[Black "Vasilev Rosen (BUL)"]
[Result "1-0"]
[WhiteElo "2217"]
[BlackElo "2007"]

1.d4 c5 2.d5 e5 3.c4 d6 4.Nc3 f5 5.e4 Nf6 6.exf5 Bxf5 7.Bd3 Bxd3 8.Qxd3 Be7
9.Nf3 O-O 10.Ng5 Qd7 11.Ne6 Rf7 12.O-O Na6 13.f4 exf4 14.Bxf4 Nc7 15.Rae1 a6
16.Re2 b5 17.b3 b4 18.Na4 Re8 19.Nb6 Nxe6 20.dxe6 Qc6 21.exf7+ Kxf7 22.Nd5
{#r} 1-0